Historia de los Estados Unidos de América / (Record no. 148659)
[ view plain ]
| 000 -LEADER | |
|---|---|
| campo de control de longitud fija | 00852nam a2200229 4500 |
| 001 - NÚMERO DE CONTROL | |
| campo de control | 148659 |
| 003 - IDENTIFICADOR DE NÚMERO DE CONTROL | |
| campo de control | ES-MaACL |
| 005 - FECHA Y HORA DE LA ÚLTIMA TRANSACCIÓN | |
| campo de control | 20230906202742.0 |
| 007 - CAMPO FIJO DE DESCRIPCIÓN FÍSICA--INFORMACIÓN GENERAL | |
| campo de control de longitud fija | t| |
| 008 - DATOS DE LONGITUD FIJA--INFORMACIÓN GENERAL | |
| campo de control de longitud fija | 070214s1944 sp r ||||1| spa d |
| 100 1# - ENTRADA PRINCIPAL--NOMBRE DE PERSONA | |
| Nombre de persona | Stulz, Josef. |
| 9 (RLIN) | 108502 |
| 245 10 - MENCIÓN DEL TÍTULO | |
| Título | Historia de los Estados Unidos de América / |
| Mención de responsabilidad, etc. | Josef Stulz ; [traducción del alemán de Francisco Moret, Jorge Garzolini y Jesús Ruiz]. |
| 260 ## - PUBLICACIÓN, DISTRIBUCIÓN, ETC. | |
| Lugar de publicación, distribución, etc. | Barcelona : |
| Nombre del editor, distribuidor, etc. | Luis Caralt, |
| Fecha de publicación, distribución, etc. | [1944] ( |
| Fabricante | Tall. Gráf. Sociedad de Publicaciones) |
| 300 ## - DESCRIPCIÓN FÍSICA | |
| Extensión | 423 p., 15 lám. ; |
| Dimensiones | 22 cm. |
| 490 1# - MENCIÓN DE SERIE | |
| Mención de serie | Atalaya del tiempo pasado. Cultura histórica |
| 700 1# - ENTRADA AGREGADA--NOMBRE PERSONAL | |
| Nombre de persona | Moret, Francisco. |
| 9 (RLIN) | 83470 |
| 700 1# - ENTRADA AGREGADA--NOMBRE PERSONAL | |
| Nombre de persona | Ruiz, Jesús. |
| 9 (RLIN) | 100613 |
| 700 1# - ENTRADA AGREGADA--NOMBRE PERSONAL | |
| Nombre de persona | Garzolini, Jorge. |
| 9 (RLIN) | 55816 |
| 830 0# - PUNTO DE ACCESO ADICIONAL DE SERIE-TÍTULO UNIFORME | |
| Título uniforme | Atalaya del tiempo pasado. Cultura histórica |
| 9 (RLIN) | 187518 |
| 852 ## - LOCALIZACIÓN | |
| Ubicación | ES-MaACL |
| Número de control de estantería | F-16219 |
| Sublocalización o colección | R.21079 |
| Estatus retirado | Estado de pérdida | Estado de daño | No para préstamo | Biblioteca de origen | Biblioteca actual | Ubicación en estantería | Fecha de adquisición | Fuente de adquisición | Total de préstamos | Signatura topográfica completa | Código de barras | Visto por última vez | Precio de reemplazo | Tipo de ítem Koha |
|---|---|---|---|---|---|---|---|---|---|---|---|---|---|---|
| Biblioteca del Ateneo de Madrid | Biblioteca del Ateneo de Madrid | Sala Pecera Planta 2 | 17/01/2008 | F-16219 | 1155138 | 23/02/2023 | 23/02/2023 | Libro impreso |
